000 00656nam a2200289Ia 4500
005 20260324124850.0
008 008 260324s9999 xx 000 0 eng d
020 _a9781315129471
037 _aEBOOK
040 _aCRL
040 _beng
040 _cCRL
041 _2eng
041 _aeng
084 _qCRL
100 _aMorris Janowitz
_91175792
245 0 _aSocial Change and Politics
245 0 _b1920-1976
260 _bTaylor and Francis
260 _c2010
365 _a
365 _b230
856 _uhttp://www.taylorfrancis.com/books/9781315129471
942 _cEBOOK
999 _c1770558
_d1770558